000 02112cam a2200361 4500500
005 20260111112245.0
041 _afre
042 _adc
100 1 0 _aGuillaume, Jean-Claude
_eauthor
245 0 0 _aUsages et mésusages de l’objet transitionnel
260 _c2016.
500 _a18
520 _aDans un monde envahi par les objets, l’oralité première est saturée avant même que le manque soit accessible. L’objet transitionnel, fruit de l’illusion première, destiné normalement à disparaître après avoir joué son rôle d’étayage de la psyché au moment du sevrage et de l’individuation se voit souvent enfermé dans une concrétude trompeuse nécessitant une observation fine de son usage, indispensable pour en apprécier l’exacte fonction, et justifiant chez l’analyste d’une fonction de pensée en éveil.
520 _aIn a world invaded by objects, orality is from the start saturated before any sense of lack can be felt. The transitional object, fruit of the first illusion, and normally intended to disappear after playing its role to support the psyche through the processes of weaning and individuation, often sees itself inclosed in a false concreteness, which in practice necessitates a fine observation in order to understand its exact function, and proves necessary for the analyst to uphold an awakened function of thought.
690 _aabstraction
690 _aaire transitionnelle
690 _aillusion
690 _amère suffisamment bonne
690 _amoi et non-moi
690 _aobjet transitionnel
690 _aréalité
690 _aRepas théorique
690 _aabstraction
690 _aillusion
690 _ame and not-me
690 _areality
690 _asufficiently good mother
690 _aTheoretical meal
690 _atransitional object
690 _atransitional space
786 0 _nJournal de la psychanalyse de l'enfant | 6 | 1 | 2016-04-20 | p. 45-66 | 0994-7949
856 4 1 _uhttps://shs.cairn.info/revue-journal-de-la-psychanalyse-de-l-enfant-2016-1-page-45?lang=fr&redirect-ssocas=7080
999 _c1631920
_d1631920